| 000 | 00914nam a22002177a 4500 | ||
|---|---|---|---|
| 005 | 20111207121911.0 | ||
| 010 | _aB-454767 | ||
| 020 |
_a9788179932117 _c155.00 |
||
| 035 | _aB-454767 | ||
| 037 |
_aBlue Berry/Ven _bDPL |
||
| 082 | _a333.914 | ||
| 100 |
_aAhmad, Arshi _946603 |
||
| 245 |
_aHydro Power: powering the future / _cby Arshi Ahmad; edited by Madhu Singh Sirohi |
||
| 260 |
_aNew Delhi _bTeri Press _c 2008 |
||
| 270 |
_aDarbari Seth Block, IHC Complex, Lodhi Road _bNew Delhi _e110003 |
||
| 300 |
_a30p. _bcol.ill _c28cm. (Hb) |
||
| 490 |
_aFuture Power Energy _946604 |
||
| 942 |
_2ddc _cCH _mAHM _h333.914 |
||
| 999 |
_c59012 _d59012 |
||